Los fundamentos de nuestra fé: trayectoria, cometidos y prospectiva de la teología fundamental

I tiakina i:
Ngā taipitopito rārangi puna kōrero
Kaituhi matua: Sánchez Chamoso, Roman (autor)
Hōputu: Pukapuka
Reo:Pāniora
I whakaputaina: Salamanca Sígueme 1981
Rangatū:Lux Mundi, 53
Ngā marau:
Ngā Tūtohu: Tāpirihia he Tūtohu
Kāore He Tūtohu, Me noho koe te mea tuatahi ki te tūtohu i tēnei pūkete!

MARC

LEADER 00000nam a2200000 a 4500
001 UCZ5260
003 CL-VaPUC
008 951117e19810000SP |||||||||||||||||spa|d
020 |a 8430108513 
082 0 4 |a 210  |b SAN  |2 21 
100 |a Sánchez Chamoso, Roman  |e autor  |9 349223 
245 1 4 |a Los fundamentos de nuestra fé: trayectoria, cometidos y prospectiva de la teología fundamental 
300 |a 361 p 
942 |c BK 
945 |d 19951117 00:00:00  |a cmena 
260 |a Salamanca  |b Sígueme  |c 1981 
650 0 |a Teología   |9 258766 
650 0 |a Creencia Religiosa  |9 316904 
650 0 |a Filosofía de la naturaleza  |9 265899 
583 |a last modification  |c 19951117 00:00:00  |k Rodrigo Vera 
490 0 |a Lux Mundi, 53 
999 |c 241580  |d 241578 
952 |0 0  |1 0  |4 0  |6 210_000000000000000_SAN_1981  |7 0  |8 A  |9 253940  |a BIBEDU  |b BIBEDU  |d 2019-11-19  |i 1573454  |o 210 SAN 1981  |p 1573454  |r 2019-11-19  |w 2019-11-19  |y BK  |k FIL 
952 |0 0  |1 0  |4 0  |6 210_000000000000000_SAN_1981  |7 0  |8 A  |9 253941  |a BIBTEO  |b BIBTEO  |d 2019-11-19  |i 4063694  |o 210 SAN 1981  |p 4063694  |r 2025-01-17  |w 2019-11-19  |y BK  |k ICR